| 000 | 00829nam a22002777a 4500 | ||
|---|---|---|---|
| 001 | 4359 | ||
| 003 | FISKH | ||
| 005 | 20240801152801.0 | ||
| 008 | 240801b cb ||||| |||| 00| 0 eng d | ||
| 020 | _a9780753463031 | ||
| 040 |
_aFISKH _beng _cFISKH _dFISKH |
||
| 050 | _aPZ7 | ||
| 082 | _a793.735 | ||
| 100 | _aChatterton, Martin | ||
| 245 |
_aSidesplitters intergalactic!: _b150 cosmic jokes about space! / _cMartin Chatterton |
||
| 260 |
_aNew York ; _bKingfisher, _c2009 |
||
| 300 |
_a64 pages ; _billustrations ; _c20 cm |
||
| 505 | _aO | ||
| 520 | _aAn illustrated, space-themed collection of 150 jokes for kids. | ||
| 521 | 8 |
_a600
_bLexile estimate |
|
| 521 | 8 |
_aO
_bRaz-Plus |
|
| 650 | _achildren's humor | ||
| 700 |
_aChatterton, Martin _eillustrator |
||
| 942 |
_2ddc _cBK _n0 |
||
| 999 |
_c4359 _d4359 |
||